[Event "Asker Autumn A"]
[Site "Asker"]
[Date "2016.12.05"]
[Round "9"]
[White "Grondahl, Jan Robert"]
[Black "Nilssen, Stale"]
[Result "0-1"]
[WhiteElo "1229"]
[BlackElo "1558"]
[PlyCount "62"]
[EventDate "2016.08.29"]
[EventType "swiss"]
[EventRounds "9"]
[EventCountry "NOR"]
[SourceTitle "EXT 2024"]
[Source "ChessBase"]
[SourceDate "2023.10.10"]
[SourceVersion "1"]
[SourceVersionDate "2023.10.10"]
[SourceQuality "1"]

1. e4 c6 2. d4 d5 3. Nc3 dxe4 4. Nxe4 Nf6 5. Nxf6+ gxf6 6. c3 Bf5 7. Nf3 Bg7 8. Bd3 Bg6 9. 0-0 0-0 10. Re1 e5 11. Nh4 Qd5 12. Nxg6 hxg6 13. Re4 f5 14. c4 Qd8 15. Re3 e4 16. Bxe4 fxe4 17. Rxe4 Nd7 18. Rg4 Ne5 19. Bg5 f6 20. Bxf6 Qxf6 21. dxe5 Qxf2+ 22. Kh1 Rad8 23. Qe1 Qf5 24. Rg3 Bxe5 25. Rf3 Qh5 26. Rh3 Qg5 27. Rc1 Rd2 28. Qe4 Rxg2 29. Rd1 Rff2 30. b4 Rxh2+ 31. Rxh2 Rxh2# 0-1